Missing Word: 1960s 'W' Song Endings Quiz Stats

 Plays Quiz Updated Jul 1, 2018

Score 0/20 Timer 04:00
0 Plays Today
Song Missing Word % Correct
Eight Days a _____Week
97%
This Door Swings Both _____Ways
96%
Husbands and _____Wives
96%
I Am the _____Walrus
90.4%
Honky Tonk _____Women
89.9%
Heat _____Wave
89.8%
Knock on _____Wood
87.2%
Spinning _____Wheel
85.6%
The End of the _____World
79.3%
Flowers on the _____Wall
70.3%
Song Missing Word % Correct
Sweet Cherry _____Wine
69.5%
A Hazy Shade of _____Winter
65.4%
Catch the _____Wind
65.1%
Take Me in Your Arms
(Rock Me A Little _____)
While
61.2%
The Bird's the _____Word
60.5%
Can I Get a _____Witness
42.5%
Dirty _____Water
41.1%
I Want to Be _____Wanted
39.5%
Lady _____Willpower
25.6%
Lovers Who _____Wander
22%

Today's Daily Dose

Missing Word
'F' Pairs

Word Ladder
Mixed Synonyms

On This Day
August 15th II

You're not logged in!

Compare scores with friends on all Sporcle quizzes.
Join for Free
OR
Log In

You Might Also Like...

Show Comments

Extras

Top Quizzes Today


Score Distribution

Your Account Isn't Verified!

In order to create a playlist on Sporcle, you need to verify the email address you used during registration. Go to your Sporcle Settings to finish the process.

Report this User

Report this user for behavior that violates our Community Guidelines.

Details: